=LDR 00000nam 2200000 4500 =001 INLIS000000000002508 =005 20130612090835 =008 ***********************************Ind** =035 ##$$0010-061300000002508 =041 ##$$a Ind =082 ##$$a 616.891 4 =090 ##$$a 616.891 4, Psy =245 ##$$a Psychoanalytic psychotherapy, Edited George D.Goldman =260 ##$$a 1978 $b London =300 ##$$a v,176 hlm, 20 cm =650 ##$$a Psychotherapy =700 ##$$a Goldman, George D =850 ##$$a NBPNMAT